Statystyki dla Miasta w województwie dolnośląskim

Kliknij tutaj aby rozwiązać quiz!

Ogólne statystyki

  • Ten quiz został rozwiązany 3 656 razy
    (3 653 od ostatniego zresetowania)
  • Średni wynik to 41 z 91

Statystyki odpowiedzi

MiastoLiczba ludności% Poprawnych
Wrocław633 105
99%
Legnica101 768
92%
Wałbrzych117 264
91%
Jelenia Góra81 640
87%
Lubin73 820
83%
Głogów68 813
77%
Kłodzko27 919
76%
Świdnica59 002
75%
Bolesławiec39 481
73%
Zgorzelec31 716
73%
Oleśnica37 307
70%
Karpacz4 958
67%
Oława32 278
67%
Dzierżoniów34 315
66%
Polkowice22 553
64%
Jawor23 857
63%
Szklarska Poręba6 835
61%
Złotoryja16 120
60%
Trzebnica12 952
59%
Lubań21 788
58%
Ząbkowice Śląskie15 683
58%
Kamienna Góra19 893
57%
Kudowa-Zdrój10 226
57%
Bogatynia18 385
55%
Kąty Wrocławskie6 509
55%
Milicz11 725
55%
Środa Śląska9 306
54%
Strzegom16 701
54%
Lwówek Śląski9 210
53%
Strzelin12 542
52%
Bielawa31 068
51%
Bolków5 290
49%
Wołów12 616
49%
Polanica-Zdrój6 649
48%
Świeradów-Zdrój4 304
48%
Nowa Ruda23 114
47%
Góra12 358
46%
Jelcz-Laskowice15 901
46%
Lądek-Zdrój5 889
46%
Duszniki-Zdrój4 871
45%
Świebodzice23 175
45%
Bystrzyca Kłodzka10 477
44%
Brzeg Dolny12 484
43%
Kowary11 479
42%
Bardo2 699
41%
Żmigród6 493
41%
Sobótka6 968
40%
Gryfów Śląski6 879
39%
Oborniki Śląskie9 048
39%
Złoty Stok2 920
39%
Chojnów14 016
38%
Międzylesie2 707
37%
Boguszów-Gorce16 144
36%
Syców10 378
36%
Szczawno-Zdrój5 776
36%
Lubawka6 302
35%
Ścinawa5 792
35%
Jaworzyna Śląska5 182
34%
Jedlina-Zdrój4 988
34%
Stronie Śląskie5 977
33%
Twardogóra6 773
32%
Ziębice9 070
32%
Prochowice3 655
31%
Radków2 472
31%
Wleń1 801
31%
Niemcza3 104
30%
Piechowice6 489
30%
Siechnice6 239
30%
Chocianów8 165
29%
Leśna4 650
29%
Przemków6 428
29%
Żarów6 874
29%
Mirsk4 032
28%
Bierutów5 010
27%
Lubomierz1 962
27%
Nowogrodziec4 236
27%
Pieszyce9 596
27%
Węgliniec3 009
27%
Głuszyca6 588
26%
Mieroszów4 252
25%
Olszyna4 472
25%
Pieńsk5 918
25%
Prusice2 273
25%
Świerzawa2 351
25%
Międzybórz2 365
24%
Piława Górna6 673
24%
Szczytna5 348
23%
Wąsosz2 786
23%
Wiązów2 330
22%
Wojcieszów3 846
21%
Zawidów4 338
21%

Rozkład punktacji

Percentyl według liczby udzielonych odpowiedzi

Procent ludzi z każdym wynikiem

Twoja historia wyników

Nie rozwiązałeś tego quizu od ostatniego zresetowania